000 01125nam a22001457a 4500
999 _c530962
_d530962
008 250722b ||||| |||| 00| 0 eng d
100 _aFlynn, Alexandra
_955506
245 _aSocial control and homeless encampments: Shifting the role of shelters through judicial review
260 _aSocial & Legal Studies
300 _a34(3), Jun, 2025: p.320-338
520 _aIn Canadian cities, unaffordable housing and the lack of community supports have led to an increase in the number of encampments in public spaces. Municipal governments argue that short-term shelter spaces are a reasonable response to the ongoing, amplified housing crisis. However, shelters are an example of the many ‘every day’ regulatory approaches used by public officials in related to unhoused people referenced by Johnsen et al., do not provide legal tenure, and are often unsafe for people and their possessions.- Reproduced https://journals.sagepub.com/doi/full/10.1177/09646639241226477
650 _aEncampments, Judicial review, Social control, Shelters, homelessness.
_955507
773 _aSocial & Legal Studies
942 _cAR